|
|
|
|
| LEADER |
00000cam a22000004a 4500 |
| 001 |
musev2_7780 |
| 003 |
MdBmJHUP |
| 005 |
20230905040905.0 |
| 006 |
m o d |
| 007 |
cr||||||||nn|n |
| 008 |
940523s1995 nyu o 00 0 eng d |
| 010 |
|
|
|z 94025521
|
| 020 |
|
|
|a 9780814739228
|
| 020 |
|
|
|z 9780814712351
|
| 035 |
|
|
|a (OCoLC)45843970
|
| 040 |
|
|
|a MdBmJHUP
|c MdBmJHUP
|
| 050 |
0 |
4 |
|a HQ76.2.C27
|b B87 1995
|
| 082 |
0 |
|
|a 305.38/9664/09729
|2 20
|
| 100 |
1 |
|
|a Burg, B. R.
|q (Barry Richard),
|d 1938-
|
| 245 |
1 |
0 |
|a Sodomy and the Pirate Tradition :
|b English Sea Rovers in the Seventeenth-Century Caribbean, Second Edition /
|c B.R. Burg ; with a new introduction by the author.
|
| 264 |
|
1 |
|a New York :
|b New York University Press,
|c 1995.
|
| 264 |
|
3 |
|a Baltimore, Md. :
|b Project MUSE,
|c 2012
|
| 264 |
|
4 |
|c ©1995.
|
| 300 |
|
|
|a 1 online resource (215 pages).
|
| 336 |
|
|
|a text
|b txt
|2 rdacontent
|
| 337 |
|
|
|a computer
|b c
|2 rdamedia
|
| 338 |
|
|
|a online resource
|b cr
|2 rdacarrier
|
| 500 |
|
|
|a Rev. ed. of: Sodomy and the perception of evil. 1983.
|
| 504 |
|
|
|a Includes bibliographical references (p. [193]-209) and index.
|
| 588 |
|
|
|a Description based on print version record.
|
| 650 |
|
0 |
|a Pirates
|x Sexual behavior
|z Caribbean Area
|x History
|y 17th century.
|
| 650 |
|
0 |
|a Male homosexuality
|z England
|x History
|y 17th century.
|
| 650 |
|
0 |
|a Male homosexuality
|z Caribbean Area
|x History
|y 17th century.
|
| 655 |
|
7 |
|a Electronic books.
|2 local
|
| 700 |
1 |
|
|a Burg, B. R.
|q (Barry Richard),
|d 1938-
|t Sodomy and the perception of evil.
|
| 710 |
2 |
|
|a Project Muse.
|e distributor
|
| 830 |
|
0 |
|a Book collections on Project MUSE.
|
| 856 |
4 |
0 |
|z Texto completo
|u https://projectmuse.uam.elogim.com/book/7780/
|
| 945 |
|
|
|a Project MUSE - Custom Collection
|
| 945 |
|
|
|a Project MUSE - Archive Complete Foundation
|
| 945 |
|
|
|a Project MUSE - Archive Global Cultural Studies Foundation
|